La sostenibilidad, un compromiso de la escuela
Na minha lista:
| Main Authors: | , , , , , , , , , , , , , |
|---|---|
| Formato: | Livro |
| Idioma: | espanhol |
| Publicado em: |
Caracas
Laboratorio Educativo Graó
2006
|
| Edição: | 1a. ed |
| Colecção: | Claves para la Innovación Educativa, 37
|
| Assuntos: | |
| Tags: |
Adicionar Tag
Sem tags, seja o primeiro a adicionar uma tag!
|
MARC
| LEADER | 00000cam a2200000 a 4500 | ||
|---|---|---|---|
| 001 | UCG7681 | ||
| 003 | CL-VaPUC | ||
| 008 | 110905e20060900VE |||||||||||||||||spa|d | ||
| 020 | |a 980251148X | ||
| 082 | 0 | 4 | |a 370.1 |b ASK |2 21 |
| 100 | 0 | |a Askasibar, Irene |e author |9 558172 | |
| 700 | 0 | |a Coll, Cristina |e author |9 558173 | |
| 700 | 0 | |a Franquesa, Teresa |e author |9 558174 | |
| 700 | 0 | |a Gil Pérez, Daniel |e author |9 558175 | |
| 700 | 0 | |a Mañas, Alfonsa |e author |9 558176 | |
| 700 | 0 | |a Miguel, Carme de |e author |9 558177 | |
| 700 | 0 | |a Miranda, M. José |e author |9 558178 | |
| 700 | 0 | |a Pujol, Rosa M |e author |9 558179 | |
| 700 | 0 | |a Regí, Coral |e author |9 558180 | |
| 700 | 0 | |a Suinaga, Jaione |e author |9 558181 | |
| 700 | 0 | |a Sureda, Jaume |e author |9 558182 | |
| 700 | 0 | |a Tiana, Lorenzo |e author |9 558183 | |
| 700 | 0 | |a Vilches, Amparo |e author |9 558184 | |
| 700 | 0 | |a Els, Castells Zer |e author |9 558185 | |
| 245 | 1 | 3 | |a La sostenibilidad, un compromiso de la escuela |
| 250 | |a 1a. ed | ||
| 300 | |a 93 p | ||
| 942 | |c BK | ||
| 945 | |d 20110905 00:00:00 |a dcastane | ||
| 260 | |a Caracas |b Laboratorio Educativo Graó |c 2006 | ||
| 650 | 0 | |a Educación |9 258661 | |
| 650 | 0 | |a Aspectos sociales |9 254894 | |
| 650 | 0 | |a Calidad de la educación |9 307271 | |
| 650 | 0 | |a Reforma educacional |9 256319 | |
| 583 | |a last modification |c 20110905 13:21:00 |k Rodrigo Vera | ||
| 490 | 0 | |a Claves para la Innovación Educativa, 37 | |
| 999 | |c 345465 |d 345463 | ||
| 952 | |0 0 |1 0 |4 0 |6 370_100000000000000_ASK_2006 |7 0 |8 A |9 444209 |a BIBEDU |b BIBEDU |d 2019-11-22 |i 4789555 |o 370.1 ASK 2006 |p 4789555 |r 2019-11-22 |w 2019-11-22 |y BK |k EBA | ||
| 952 | |0 0 |1 0 |4 0 |6 370_100000000000000_ASK_2006 |7 0 |8 A |9 444210 |a BIBEDU |b BIBEDU |d 2019-11-22 |i 4789547 |o 370.1 ASK 2006 |p 4789547 |r 2019-11-22 |w 2019-11-22 |y BK |k EBA | ||